Päťdesiatročná prvorodička priviedla na svet dvojčatá! Natálka a Veronika prišli na svet skôr, ale možno budú do Vianoc doma

Bibliographic Details
Main Author: Gajdošová, Jaroslava (Author)
Format: Article
Language:Slovak
PhysicalDescription:Fotogr.
ISSN:1335-4566
Subjects:

MARC

LEADER 00000nab a2200000 a 4500
001 vtls008413391
003 SK-MaSNL
005 20260303070223.0
008 051205c20051203xo drz 0 0slo
038 |a KEVKJB 
040 |a KEVKJB  |b slo  |c KEVKJB  |e AACR2 
041 0 |a slo 
044 |a xo  |c SK 
080 |a 618.25  |2 UDC-MRF-SK2 
100 1 |a Gajdošová, Jaroslava  |4 aut  |9 465467 
245 1 0 |a Päťdesiatročná prvorodička priviedla na svet dvojčatá!  |b Natálka a Veronika prišli na svet skôr, ale možno budú do Vianoc doma  |c Jaroslava Gajdošová 
300 |b Fotogr. 
600 1 7 |a Ižová, Jitka  |2 kevkjb  |9 1066954 
650 0 7 |a viacnásobné tehotenstvo  |2 kevkjb  |9 1066956 
650 0 7 |a pôrody  |2 kevkjb  |9 983538 
651 7 |a Košice (Slovensko)  |2 kevkjb  |9 18694 
773 0 |t Košický denník Korzár  |g Roč. VIII, č. 279 (3.12.2005), s. 3  |x 1335-4566 
852 |a KEVKJB  |b KIS3GCP 
999 |c 1754435  |d 1756365